000 01418nam a22003734a 4500
001 ebr10270807
003 CaPaEBR
006 m u
007 cr cn|||||||||
008 061215s2007 ne bf sbi 001 0 eng
010 _z 2006050018
020 _z9789004156593
020 _z9004156593 (pbk. : alk. paper)
040 _aCaPaEBR
_cCaPaEBR
035 _a(OCoLC)505097873
043 _af-ke---
050 1 4 _aHV5822.Q3
_bC37 2007eb
082 0 4 _a362.29/9
_222
100 1 _aCarrier, Neil C. M.
245 1 0 _aKenyan khat
_h[electronic resource] :
_bthe social life of a stimulant /
_cby Neil C.M. Carrier.
260 _aLeiden ;
_aBoston :
_bBrill,
_c2007.
300 _axv, 270 p., [16] p. of plates :
_bmaps .
490 1 _aAfrican social studies series,
_x1568-1203 ;
_vv. 15
504 _aIncludes bibliographical references (p. [261] - 266) and index.
533 _aElectronic reproduction.
_bPalo Alto, Calif. :
_cebrary,
_d2013.
_nAvailable via World Wide Web.
_nAccess may be limited to ebrary affiliated libraries.
650 0 _aKhat.
650 0 _aKhat
_zKenya.
650 0 _aDrug traffic
_zKenya.
650 0 _aDrug control.
655 7 _aElectronic books.
_2local
710 2 _aebrary, Inc.
830 0 _aAfrican social studies series ;
_vv. 15.
856 4 0 _uhttp://site.ebrary.com/lib/rucke/Doc?id=10270807
_zAn electronic book accessible through the World Wide Web; click to view
999 _c22767
_d22767